Paroles Matador - Mickey 3D - Statistiques

Statistiques générales
  • Ce quiz a été pris 15 fois
  • Le résultat moyen est 171 sur 199
Statistiques - réponses
Réponse % Correct
A
100%
J'
100%
Je
100%
M'
100%
Qu'
100%
T'
100%
Te
100%
Ai
92%
Con
92%
De
92%
Des
92%
En
92%
Encore
92%
Et
92%
La
92%
Le
92%
Les
92%
Mais
92%
N'
92%
Ni
92%
Pas
92%
Pas,
92%
Peur
92%
Politiciens
92%
Que
92%
S'
92%
Taureaux,
92%
Taureaux
92%
Tu
92%
Alors
85%
Américains
85%
Attraper
85%
Au
85%
Aurais
85%
Chasse
85%
Cons
85%
Evites
85%
Il
85%
Jour
85%
Main
85%
Matador
85%
Mort
85%
On
85%
Préviens
85%
Toreros
85%
Un
85%
Vu
85%
Aimer
77%
Esquives
77%
Est
77%
Ils
77%
Ne
77%
Ordinateurs
77%
Ou
77%
Qui
77%
Trésor
77%
Adore
69%
Amour
69%
Exterminateurs
69%
Gladiateurs
69%
Ont
69%
Défoncé
62%
Disparus
62%
Fort
62%
Ressemble
62%
Sais
62%
Si
62%
Sur
62%
Tellement
62%
Veux
62%
Virus
62%
Aimerais
54%
Cet
54%
Coup
54%
Du
54%
Excuse
54%
Joues
54%
Port
54%
Refaire
54%
Sache
54%
Toréadors
54%
Bien
46%
Chicanos
46%
Déplore
46%
Emmener
46%
Vamos
46%
Aucun quiz correspondant
Distribution des résultats
% des personnes avec chaque résultat
Percentile par nombre de réponses
Votre historique - résultats
Vous n’avez pas pris ce quiz